| 000 -ლიდერი |
| ფიქსირებული სიგრძის საკონტროლო ველი |
01486nam a2200289Ia 4500 |
| 001 - საკონტროლო ნომერი |
| საკონტროლო ველი |
20467 |
| 003 - საკონტროლო ნომრის იდენტიფიკატორი |
| საკონტროლო ველი |
GE_BSU |
| 005 - ბოლო ოპერაციის თარიღი და დრო |
| საკონტროლო ველი |
20201227231005.0 |
| 008 - ფიქსირებული სიგრძის მონაცემთა ელემენტები - ზოგადი ინფორმაცია |
| ფიქსირებული სიგრძის საკონტროლო ველი |
181216s1989||||ge |||||||||||||| || || |
| 040 ## - კატალოგიზაციის წყარო |
| Transcribing agency |
GE_BSU |
| 041 ## - ენის კოდი |
| Language code of text/sound track or separate title |
geo |
| 080 ## - უნივერსალური ათობითი კლასიფიკაციის ინდექსი |
| Universal Decimal Classification number |
811.353.1-8(075.3) რ-21 |
| 100 ## - მთავარი ჩანაწერი - პიროვნების სახელი |
| Personal name |
რამიშვილი, ვალერიან |
| 9 (RLIN) |
1173 |
| 245 ## - ცნობა სათაურის შესახებ |
| Title |
ქართული ენა : |
| Remainder of title |
მე-4 კლ. სახელმძღვ. / |
| Statement of responsibility, etc |
ვალერიან რამიშვილი, შ. თაბუკაშვილი, თ. ჩერქეზიშვილი ; მხატვ. : ბ. ბერძენიშვილი, ო. მესხი, ვ. რამიშვილი ; რედ. გ. ახალაია. |
| 250 ## - გამოცემის ცნობა |
| Edition statement |
მე-4 გამოცემა |
| 264 ## - წარმოების, გამოცემის, დისტრიბუციის და სხვა ცნობები |
| გამოცემის, წარმოების, დისტრიბუციის... ადგილი |
თბილისი : |
| გამოცემის, წარმოების, დისტრიბუციის... სახელწოდება |
განათლება, |
| გამოცემის, წარმოების, დისტრიბუციის... თარიღი |
1989. |
| 300 ## - ფიზიკური აღწერა |
| Extent |
207 გვ. : |
| Other physical details |
ილ. ; |
| Dimensions |
22 სმ. |
| 653 ## - INDEX TERM--UNCONTROLLED |
| Uncontrolled term |
ქართული ენა |
| 653 ## - INDEX TERM--UNCONTROLLED |
| Uncontrolled term |
მე-4 კლ. სახელმძღვანელო |
| 700 ## - ADDED ENTRY--PERSONAL NAME |
| Personal name |
თაბუკაშვილი, შ. |
| Relator term |
ატორი |
| 9 (RLIN) |
9951 |
| 700 ## - ADDED ENTRY--PERSONAL NAME |
| Personal name |
ჩერქეზიშვილი, თ. |
| Relator term |
ატორი |
| 9 (RLIN) |
9925 |
| 700 ## - ADDED ENTRY--PERSONAL NAME |
| Personal name |
ბერენიშილი ბ. |
| Relator term |
მხატვარი |
| 9 (RLIN) |
9949 |
| 700 ## - ADDED ENTRY--PERSONAL NAME |
| Personal name |
მესხი, ო. |
| Relator term |
მხატვარი |
| 9 (RLIN) |
9950 |
| 700 ## - ADDED ENTRY--PERSONAL NAME |
| Personal name |
ახალაია, გ. |
| Relator term |
რედაქტორი |
| 9 (RLIN) |
9826 |
| 942 ## - ADDED ENTRY ELEMENTS (KOHA) |
| Koha item type |
წიგნი |
| Source of classification or shelving scheme |
|